000 01055nam a2200277Ia 4500
003 OSt
005 20220923211602.0
006 a|||||r|||| 00| 0
007 ta
008 220922b |||||||| |||| 00| 0 hin d
020 _a9789387195493 (hbk)
_c495
024 _a348,729
037 _b327, 13/03/2019, Eastern Book Linkers
_cTextual
040 _aARTS
_cARTS
_bhin
041 _2hin
_ahin
082 _aR66x1:g, 152Q9
100 _aशिवहरे, मोनिका, ले.
245 0 _aशंकराचार्य और रामानुजाचार्य
246 _aShankarāchārya aur rāmānujāchārya
260 _aदिल्ली
_b शिवालिक प्रकाशन दिल्ली
_c2019
300 _a159पृ.
_ccm.
650 _a दर्शनशास्त्र
650 _aभारतीय दर्शन
942 _hR66x1:g, 152Q9
_cTEXL
_2CC
999 _c301053
_d301053